000 00727nam a2200169 a 4500
008 080512s2003 ||||||||||||||||| || u
050 _aIBRD(058)GEP/2003
110 _aWorld Bank
245 1 0 _aGlobal economic prospects and the developing countries 2003: investing to unlock global opportunities
260 _aWashington, D. C.:
_bWorld Bank
_c2003
300 _axxii, 219p.: ill.
350 _a0.00
650 0 _aECONOMIC FORECASTING--DEVELOPING COUNTRIES
650 0 _aINTERNATIONAL ECONOMIC RELATIONS
650 0 _aDEVELOPING COUNTRIES--ECONOMIC CONDITIONS
995 _D0.00
_FCBU-MAIN LIBRARY (Kitwe)
_H1
_I0.00
_M1
_UAVAILABLE
_WMay 12, 2008
_ZInternational Publications
999 _c44646
_d44646